PHARMACEUTICAL MICROBIOLOGY (Record no. 8255)

MARC details
000 -LEADER
fixed length control field 00463nam a22001817a 4500
005 - DATE AND TIME OF LATEST TRANSACTION
control field 20230403144546.0
008 - FIXED-LENGTH DATA ELEMENTS--GENERAL INFORMATION
fixed length control field 230331b |||||||| |||| 00| 0 eng d
020 ## - INTERNATIONAL STANDARD BOOK NUMBER
ISBN 978-81-265-4066-2
041 ## - LANGUAGE CODE
Language code of text/sound track or separate title eng
082 ## - DEWEY DECIMAL CLASSIFICATION NUMBER
Classification number 615.3 DEN-P
100 ## - MAIN ENTRY--AUTHOR NAME
Personal name DENYER,P STEPHEN, HODGES,NORMAN,AND OTHERS
245 ## - TITLE STATEMENT
Title PHARMACEUTICAL MICROBIOLOGY
250 ## - EDITION STATEMENT
Edition statement 8th ed.
260 ## - PUBLICATION, DISTRIBUTION, ETC. (IMPRINT)
Name of publisher CBS
Year of publication 2019
300 ## - PHYSICAL DESCRIPTION
Number of Pages 513;P.
650 ## - SUBJECT ADDED ENTRY--TOPICAL TERM
Topical Term PHARMACY
General subdivision B.PHARMA
942 ## - ADDED ENTRY ELEMENTS (KOHA)
Koha item type Books
Holdings
Lost status Damaged status Collection code Home library Current library Shelving location Date acquired Source of acquisition Cost, normal purchase price Full call number Accession Number Koha item type
    Reference JRU Library JRU Library SHELF-17-G 23/03/2023 LOHIA BOOK INTERNATIONAL 8089.00 615.3 DEN-P 27609 Books